| 000 | 00398nam a2200145 4500 | ||
|---|---|---|---|
| 001 | 127478 | ||
| 003 | ES-MaACL | ||
| 007 | t| | ||
| 008 | 070214s1982 sp r ||||1| spa d | ||
| 100 | 1 |
_aRies, Adrien. _997145 |
|
| 245 | 1 | 3 |
_aEl ABC del mercado comĂșn agrĂcola / _cAdrien Ries. |
| 260 |
_aMadrid : _bMundi-Prensa, _c1982. |
||
| 300 |
_a237 p. ; _c22 cm. |
||
| 852 |
_aES-MaACL _jL-4142 _bR.104840 |
||
| 999 |
_c127478 _d127478 |
||